00273nam a2200097Ia 4500008004100000082001200041100002100053245008500074260000600159300001000165190415s9999 xx 000 0 und d aRE.0003 aEswara Reddy, V. 0aStudy of slums in Visakhapatnam to evolve the strategy for integrated developmen c0 a158p.